000 00723nam a2200229 a 4500
001 000017602
005 20200929165150.0
008 100329s1978 dr 000 0 spa d
040 _aDO-SdBNP
_bspa
_cBNPHU
082 _a651.75
_bC965c, 1978
100 1 _aCuello, Antonio
_920610
245 1 0 _aCurso completo de correspondencia y redacción /
_cAntonio Cuello.
250 _a12a. ed.
260 _aSanto Domingo :
_bTaller,
_c1978.
300 _a177 p. ;
_c21 cm.
650 4 _aCorrespondencia comercial
_938389
650 4 _aEspañol
_xEnseñanza
_9406
650 4 _aEspañol
_xEstilo
_xRetórica
_919120
650 4 _aRedacción de escritos técnicos
_91600
650 4 _aDocumentos comerciales
_938390
049 _aBNPD
999 _c17127
_d17127